|
|
|
|
| LEADER |
01876cas a2200229 a 4500 |
| 001 |
AALejournalIMF015049 |
| 008 |
230101c9999 xx r poo 0 0eng d |
| 020 |
|
|
|c 15.00 USD
|
| 020 |
|
|
|z 9781589066601
|
| 040 |
|
|
|a BD-DhAAL
|c BD-DhAAL
|
| 100 |
1 |
|
|a Schipke, Alfred.
|
| 240 |
1 |
0 |
|a America Central: Crecimiento economico e integracion.
|l Spanish
|
| 245 |
1 |
0 |
|a America Central :
|b Crecimiento economico e integracion /
|c Alfred Schipke, Dominique Desruelle.
|
| 264 |
|
1 |
|a Washington, D.C. :
|b International Monetary Fund,
|c 2007.
|
| 300 |
|
|
|a 1 online resource (120 pages)
|
| 500 |
|
|
|a <strong>Off-Campus Access:</strong> No User ID or Password Required
|
| 500 |
|
|
|a <strong>On-Campus Access:</strong> No User ID or Password Required
|
| 506 |
|
|
|a Electronic access restricted to authorized BRAC University faculty, staff and students
|
| 520 |
3 |
|
|a Como consolidar los avances logrados con tanto esfuerzo, acrecentar la capacidad de resistencia a los shocks y alcanzar un mayor crecimiento economico a fin de reducir la pobreza? Estos son los desafios que se le presentan en el camino a America Central en el proceso de recuperacion de la estabilidad macroeconomica. Este estudio analiza las politicas de America Central en los sectores real, fiscal, monetario y financiero a nivel regional, comenzando por un analisis del crecimiento y de las implicaciones macroeconomicas de las remesas. Seguidamente se abordan la sostenibilidad de los sistemas de pensiones, el desarrollo del sistema financiero, las vulnerabilidades de la deuda soberana y las formas de apoyar el avance en la reduccion de la inflacion fortaleciendo la credibilidad de los bancos centrales.
|
| 538 |
|
|
|a Mode of access: Internet
|
| 700 |
1 |
|
|a Desruelle, Dominique.
|
| 856 |
4 |
0 |
|z Full text available on IMF
|u http://elibrary.imf.org/view/books/084/01949-9781589066601-es/01949-9781589066601-es-book.xml
|z IMF e-Library
|